Matematičeskoje modelirovanije lekaľnych poverchnostej

Enregistré dans:
Détails bibliographiques
Auteur principal: Starodetko, Jevgenij Aleksandrovič (Auteur)
Format: Livre
Langue:russe
Publié: Minsk : Nauka i technika, 1984
Tags: Ajouter un tag
Pas de tags, Soyez le premier à ajouter un tag!

MARC

LEADER 00000nam a22000003a 4500
001 stu87744
005 20150617225626.2
008 040611s1984------------------------rus-d
040 |a STU  |b slo 
041 0 |a rus 
080 |a 517.97 
080 |a 519.71  |7 stu_us_auth*stu8254 
100 1 |a Starodetko, Jevgenij Aleksandrovič  |4 aut 
245 1 |a Matematičeskoje modelirovanije lekaľnych poverchnostej 
260 |a Minsk :  |b Nauka i technika,  |c 1984 
300 |a 125 s 
996 |b E55575  |c E*55575  |l EE03  |s P  |a 0  |w stu87744_0001